000 00341nam a2200133Ia 4500
008 240624s9999 xx 000 0 und d
041 _aeng
082 _a657.45 HOW
100 _aHOWARD W JEFFERY
245 _aCOST OF QUALITY AUDIT
260 _aUK
_bCambridge Strategy Publications Ltd
300 _a136 : p. : cm. ; 29
365 _cRS
_b50
999 _c28469
_d28469